000 00354nam a2200145Ia 4500
008 230917s9999||||xx |||||||||||||| ||und||
040 _e125309
_aMAIN
041 _aEnglish
082 _a555.4 E79E
100 _aArun Kumar
245 0 _aEarth system sciences. V2.
260 _aNew Delhi
_bConcept Publishing
_c2009
300 _a628 p.
942 _cBK
999 _c148253
_d148253